El Galeón español ´La Nao de China´ = Spanish Gallein ´Nao of China´ (Record no. 675)

MARC details
000 -CABECERA
campo de control de longitud fija 00944nam a2200229 a 4500
001 - NÚMERO DE CONTROL
campo de control BRCA_778
005 - FECHA Y HORA DE LA ÚLTIMA TRANSACCIÓN
campo de control 20190320203140.0
008 - DATOS DE LONGITUD FIJA--INFORMACIÓN GENERAL
campo de control de longitud fija 241005s1999----mx-a---###---#000-0#spa-d
050 #4 - SIGNATURA TOPOGRÁFICA DE LA BIBLIOTECA DEL CONGRESO
Número de clasificación HE859
Número de documento/Ítem .C37 1999
100 1# - ENTRADA PRINCIPAL--NOMBRE DE PERSONA
Nombre de persona Carrasco Franco, German
9 (RLIN) 2588
245 10 - MENCIÓN DE TÍTULO
Título El Galeón español ´La Nao de China´ = Spanish Gallein ´Nao of China´
Mención de responsabilidad, etc. German Carrasco Franco ; colab. Diego Rodríguez ; Lourdes Rivera Carrasco y Alejandro Valle G.
260 ## - PUBLICACIÓN, DISTRIBUCIÓN, ETC.
Lugar de publicación, distribución, etc. México
Nombre del editor, distribuidor, etc. The Win Fat Printing
Fecha de publicación, distribución, etc. 1999
300 ## - DESCRIPCIÓN FÍSICA
Extensión viii, 185 p.
Otras características físicas il. a color
Dimensiones 35 cm.
500 ## - NOTA GENERAL
Nota general El Galeón español ´La Nao de China´ : libro de fotografías = spanish Galleon ´Nao of China´ : a book of photographs
546 ## - NOTA DE LENGUA/LENGUAJE
Nota de lengua/lenguaje Texto en : español e inglés
650 14 - PUNTO DE ACCESO ADICIONAL DE MATERIA--TÉRMINO DE MATERIA
Término de materia o nombre geográfico como elemento de entrada Galeones
Subdivisión general Historia
Subdivisión geográfica España
9 (RLIN) 2589
653 0# - TÉRMINO DE INDIZACIÓN--NO CONTROLADO
Término no controlado Galeón de Manila
700 1# - PUNTO DE ACCESO ADICIONAL--NOMBRE DE PERSONA
Nombre de persona Rodríguez, Diego
9 (RLIN) 2590
700 1# - PUNTO DE ACCESO ADICIONAL--NOMBRE DE PERSONA
Nombre de persona Carrasco Rivera, Lourdes
9 (RLIN) 2591
700 1# - PUNTO DE ACCESO ADICIONAL--NOMBRE DE PERSONA
Nombre de persona Valle G., Alejandro
9 (RLIN) 2592
942 ## - ELEMENTOS DE PUNTO DE ACCESO ADICIONAL (KOHA)
Fuente del sistema de clasificación o colocación Library of Congress Classification
Tipo de ítem Koha Libros
Holdings
Estado de retiro Estado de pérdida Estado dañado No para préstamo Localización permanente Ubicación/localización actual Fecha de adquisición Total de préstamos Signatura topográfica completa Código de barras Fecha visto por última vez Precio válido a partir de Tipo de ítem Koha
El ejemplar forma parte de la colección y puede ser consultado según las políticas vigentes.       Biblioteca del Museo Franz Mayer (Rogerio Casas-Alatriste) Biblioteca del Museo Franz Mayer (Rogerio Casas-Alatriste) 26/06/2008   HE859 .C37 1999 01180 22/03/2019 22/03/2019 Libros